Normal view
MARC view
Entry Personal Name
001 - CONTROL NUMBER
- control field: 1106233
003 - CONTROL NUMBER IDENTIFIER
- control field: OSt
005 - DATE AND TIME OF LATEST TRANSACTION
- control field: 20260123164127.0
008 - FIXED-LENGTH DATA ELEMENTS
- fixed length control field: 260123|| aca||aabn | a|a d
040 ## - CATALOGING SOURCE
- Original cataloging agency: OSt
- Transcribing agency: OSt
100 ## - HEADING--PERSONAL NAME
- Personal name: Shah/Gor/Soni
670 ## - SOURCE DATA FOUND
- Source citation: Work cat.: (OSt)1671356: Shah/Gor/Soni, Operations research - shah/gor/soni
